Statistics for Countries that Visit Finland the Most

Click here to take the quiz!

General Stats

  • This quiz has been taken 55 times
  • The average score is 9 of 10

Answer Stats

# VisitorsCountry% Correct
96,613Norway
98%
313,898Sweden
98%
307,127Russia
96%
199,654United Kingdom
94%
268,061Germany
92%
107,745United States
88%
93,520France
85%
84,088Estonia
83%
157,980China
77%
114,452Japan
67%

Score Distribution

Percentile by Number Answered

Percent of People with Each Score

Your Score History

You have not taken this quiz